| Tag |
First Indicator |
Second Indicator |
Subfields |
| LEADER |
00000cam a2200000 4500 |
| 001 |
in00000053536 |
| 005 |
20151008050309.0 |
| 008 |
721114s1952 ilu b 00000 eng u |
| 010 |
|
|
|a 52005894
|
| 035 |
|
|
|a (OCoLC)00494026
|
| 035 |
|
|
|9 AAG0336AM
|
| 040 |
|
|
|c WSU
|d TXA
|d UtOrBLW
|
| 049 |
|
|
|a TXAM
|c [235228]
|
| 050 |
|
0 |
|a JC311
|b .Z6
|
| 092 |
|
|
|a 320.121
|b Z82m
|
| 100 |
1 |
|
|a Znaniecki, Florian,
|d 1882-1958.
|
| 245 |
1 |
0 |
|a Modern nationalities, a sociological study.
|
| 264 |
|
1 |
|a Urbana :
|b University of Illinois Press,
|c 1952.
|
| 300 |
|
|
|a 196 pages
|
| 336 |
|
|
|a text
|b txt
|2 rdacontent
|
| 337 |
|
|
|a unmediated
|b n
|2 rdamedia
|
| 338 |
|
|
|a volume
|b nc
|2 rdacarrier
|
| 504 |
|
|
|a Includes bibliographical references.
|
| 650 |
|
0 |
|a Nationalism.
|
| 999 |
|
|
|a MARS
|
| 999 |
f |
f |
|s 5da5ba12-58ca-31f5-9c5d-c95b5fc60427
|i e5df0c03-402a-3b58-88b0-14579e17274e
|t 0
|
| 952 |
f |
f |
|p normal
|a Texas A&M University
|b College Station
|c Sterling C. Evans Library
|d Evans: Library Stacks
|t 0
|e JC311 .Z6
|h Library of Congress classification
|i unmediated -- volume
|m A14800658020
|
| 998 |
f |
f |
|a JC311 .Z6
|t 0
|l Evans: Library Stacks
|